[Event "Manhattan op"]
[Site "New York"]
[Date "2011.08.20"]
[Round "6"]
[White "Ashley, Maurice"]
[Black "Ostrovskiy, Aleksandr A"]
[Result "1-0"]
[WhiteElo "2465"]
[BlackElo "2294"]
[PlyCount "81"]
[EventDate "2011.08.17"]
[EventType "swiss"]
[EventRounds "9"]
[EventCountry "USA"]
[SourceTitle "CBM 143 Extra"]
[Source "ChessBase"]
[SourceDate "2011.08.29"]
[SourceVersion "1"]
[SourceVersionDate "2011.08.29"]
[SourceQuality "1"]

1. e4 c6 2. c4 d5 3. exd5 cxd5 4. cxd5 Nf6 5. Bb5+ Nbd7 6. Nc3 a6 7. Bxd7+ Qxd7
8. Nf3 Nxd5 9. O-O f6 10. Qb3 e6 11. Re1 Kf7 12. d3 Nxc3 13. bxc3 Bd6 14. a4
Re8 15. Ra2 Qc7 16. Be3 Kf8 17. Bb6 Qf7 18. d4 Bd7 19. Rae2 Rac8 20. c4 Bc6 21.
Nd2 Qh5 22. Nf1 Qf5 23. Ng3 Bxg3 24. Qxg3 Kf7 25. a5 Qg6 26. Qh3 Qf5 27. Qb3
Qg6 28. d5 Bd7 29. d6 Bc6 30. f3 Bd7 31. c5 Qf5 32. g4 Qf4 33. Re4 Qd2 34. Ba7
Qxa5 35. Qxb7 Qb5 36. Rb4 Qc6 37. Ra1 Kf8 38. Rxa6 Qxb7 39. Rxb7 Bc6 40. Rbb6
Bxf3 41. d7 1-0

[Event "Manhattan op"]
[Site "New York"]
[Date "2011.08.20"]
[Round "7"]
[White "Garcia, Gildardo"]
[Black "Ashley, Maurice"]
[Result "1-0"]
[WhiteElo "2368"]
[BlackElo "2465"]
[PlyCount "53"]
[EventDate "2011.08.17"]
[EventType "swiss"]
[EventRounds "9"]
[EventCountry "USA"]
[SourceTitle "CBM 143 Extra"]
[Source "ChessBase"]
[SourceDate "2011.08.29"]
[SourceVersion "1"]
[SourceVersionDate "2011.08.29"]
[SourceQuality "1"]

1. e4 c5 2. Nf3 d6 3. d4 cxd4 4. Nxd4 Nf6 5. Nc3 g6 6. Be3 Bg7 7. f3 O-O 8. Qd2
Nc6 9. Bc4 Bd7 10. h4 Ne5 11. Bb3 Qa5 12. h5 Nxh5 13. Bh6 Bxh6 14. Qxh6 Rac8
15. Nde2 Be6 16. O-O-O Bxb3 17. axb3 Rc5 18. b4 Qxb4 19. Nd5 Rxd5 20. Rxd5 Nf6
21. Nc3 e6 22. Rb5 Qd4 23. Rd1 Qf2 24. Qg5 Nc4 25. Rxb7 Kg7 26. e5 dxe5 27.
Qxf6+ 1-0

[Event "Manhattan op"]
[Site "New York"]
[Date "2011.08.21"]
[Round "8"]
[White "Ashley, Maurice"]
[Black "Getz, Alec S"]
[Result "1-0"]
[WhiteElo "2465"]
[BlackElo "2313"]
[PlyCount "45"]
[EventDate "2011.08.17"]
[EventType "swiss"]
[EventRounds "9"]
[EventCountry "USA"]
[SourceTitle "CBM 143 Extra"]
[Source "ChessBase"]
[SourceDate "2011.08.29"]
[SourceVersion "1"]
[SourceVersionDate "2011.08.29"]
[SourceQuality "1"]

1. e4 c6 2. c4 e5 3. Nf3 Qa5 4. g3 f5 5. exf5 Nf6 6. Bg2 Be7 7. O-O O-O 8. Nc3
d6 9. d4 Bxf5 10. Qb3 Nbd7 11. Qxb7 Bd3 12. Re1 e4 13. Ng5 Qf5 14. Qxc6 h6 15.
Bh3 Qg6 16. Ngxe4 Nxe4 17. Nxe4 Nf6 18. Nxf6+ Bxf6 19. Be3 Bg5 20. Bxg5 hxg5
21. Rad1 Qf6 22. Be6+ Kh7 23. Qg2 1-0

[Event "Manhattan op"]
[Site "New York"]
[Date "2011.08.21"]
[Round "9"]
[White "Mulyar, Michael A"]
[Black "Ashley, Maurice"]
[Result "1-0"]
[WhiteElo "2410"]
[BlackElo "2465"]
[PlyCount "137"]
[EventDate "2011.08.17"]
[EventType "swiss"]
[EventRounds "9"]
[EventCountry "USA"]
[SourceTitle "CBM 143 Extra"]
[Source "ChessBase"]
[SourceDate "2011.08.29"]
[SourceVersion "1"]
[SourceVersionDate "2011.08.29"]
[SourceQuality "1"]

1. d4 g6 2. c4 Bg7 3. Nf3 d6 4. g3 Nf6 5. Bg2 O-O 6. O-O Na6 7. b3 c5 8. Bb2
Rb8 9. Nc3 cxd4 10. Nxd4 Nc7 11. Qc2 Bd7 12. Rad1 Qc8 13. Ne4 Bh3 14. Nxf6+
Bxf6 15. Nf3 Bxg2 16. Kxg2 Bxb2 17. Qxb2 Ne6 18. Qd2 Qc6 19. Rc1 Rfc8 20. h4 h5
21. Rc3 Rc7 22. Rfc1 Rbc8 23. Kg1 Qc5 24. Re3 Ng7 25. Ng5 Nf5 26. Rd3 Qe5 27.
e4 Ng7 28. Rd5 Qf6 29. Rc3 Rf8 30. Kg2 Ne6 31. e5 Qg7 32. exd6 exd6 33. Rxd6
Nxg5 34. hxg5 Qe5 35. Rf3 b6 36. Qd5 Qxd5 37. Rxd5 Re8 38. Rfd3 Kf8 39. Rd7
Rec8 40. a4 Ke8 41. Rxc7 Rxc7 42. f4 Ke7 43. Kf3 Rc6 44. Rd5 Rc8 45. Ke4 Rc6
46. Kd4 Rc8 47. b4 h4 48. gxh4 Rh8 49. c5 Rxh4 50. Ke4 Rh1 51. cxb6 axb6 52.
Rb5 Re1+ 53. Kd4 Ra1 54. Rxb6 Rxa4 55. Kc5 Ra7 56. Rc6 Kd7 57. b5 Kd8 58. Kb6
Re7 59. Ka6 Kd7 60. Rc4 Re1 61. b6 Ra1+ 62. Kb7 Ra2 63. Kb8 Rb2 64. b7 Ra2 65.
Rd4+ Ke7 66. Kc7 Rc2+ 67. Kb6 Rb2+ 68. Kc6 Ke6 69. Rd5 1-0

[Event "Las Vegas National op"]
[Site "Las Vegas"]
[Date "2013.06.08"]
[Round "4"]
[White "Ashley, Maurice"]
[Black "Wolfley, Lawrence"]
[Result "1-0"]
[WhiteElo "2443"]
[BlackElo "2098"]
[PlyCount "101"]
[EventDate "2013.06.07"]
[EventType "swiss"]
[EventRounds "6"]
[EventCountry "USA"]
[SourceTitle "CBM 154 Extra"]
[Source "ChessBase"]
[SourceDate "2013.06.25"]
[SourceVersion "2"]
[SourceVersionDate "2013.06.25"]
[SourceQuality "1"]

1. e4 c5 2. Nf3 d6 3. d4 cxd4 4. Nxd4 Nf6 5. Nc3 g6 6. Be2 Bg7 7. O-O O-O 8.
Re1 Nc6 9. Nb3 Be6 10. Bf1 Rc8 11. Nd5 a5 12. a4 Bxd5 13. exd5 Nb4 14. c4 Nd7
15. Bg5 Bf6 16. Bxf6 exf6 17. Nd4 Nc5 18. Qd2 Qd7 19. Re3 Rfe8 20. Rh3 Ne4 21.
Qf4 Re5 22. Re3 Rce8 23. Rae1 f5 24. Qh4 Nc5 25. b3 Rxe3 26. Rxe3 Rxe3 27. fxe3
Qe8 28. Qg3 Qe5 29. Qf4 f6 30. g3 Ne4 31. Kg2 Ng5 32. h4 Nf7 33. Kf2 Qe4 34.
Qxe4 fxe4 35. Bh3 Nd3+ 36. Kg2 f5 37. g4 f4 38. exf4 Nxf4+ 39. Kg3 Nd3 40. Bg2
Nc5 41. Kf4 Ne5 42. Bxe4 Nxe4 43. Kxe4 Nxg4 44. Nb5 Nf6+ 45. Kd4 Ne8 46. c5
dxc5+ 47. Ke5 Kf7 48. Nd6+ Nxd6 49. Kxd6 b5 50. axb5 c4 51. b6 1-0

[Event "Las Vegas National op"]
[Site "Las Vegas"]
[Date "2013.06.09"]
[Round "5"]
[White "Panchanatham, Vignesh"]
[Black "Ashley, Maurice"]
[Result "0-1"]
[WhiteElo "2069"]
[BlackElo "2443"]
[PlyCount "98"]
[EventDate "2013.06.07"]
[EventType "swiss"]
[EventRounds "6"]
[EventCountry "USA"]
[SourceTitle "CBM 154 Extra"]
[Source "ChessBase"]
[SourceDate "2013.06.25"]
[SourceVersion "2"]
[SourceVersionDate "2013.06.25"]
[SourceQuality "1"]

1. e4 c5 2. Nf3 d6 3. d4 cxd4 4. Nxd4 Nf6 5. Nc3 a6 6. Be3 e5 7. Nb3 Be6 8. Qd2
Nbd7 9. f3 h5 10. O-O-O Rc8 11. g3 b5 12. Nd5 Nxd5 13. exd5 Bf5 14. Bd3 Bxd3
15. Qxd3 g6 16. Qd2 Nb6 17. Qa5 Qc7 18. c3 Nc4 19. Qxc7 Rxc7 20. Bf2 Bh6+ 21.
Kc2 Be3 22. Be1 f5 23. Nd2 Bxd2 24. Bxd2 Nxd2 25. Rxd2 h4 26. Rg1 hxg3 27. Rxg3
Rg7 28. Kb3 Rh4 29. Rc2 Kf7 30. c4 bxc4+ 31. Rxc4 Rxc4 32. Kxc4 Rh7 33. Rg2
Rh4+ 34. Kc3 Rh3 35. Rg3 Rxh2 36. a4 f4 37. Rg1 Rf2 38. b4 Rxf3+ 39. Kc4 Ra3
40. a5 f3 41. Rf1 g5 42. b5 axb5+ 43. Kb4 Ra4+ 44. Kxb5 Rxa5+ 45. Kxa5 g4 46.
Kb4 e4 47. Kc3 g3 48. Kd2 g2 49. Ke1 gxf1=Q+ 0-1

[Event "Las Vegas National op"]
[Site "Las Vegas"]
[Date "2013.06.09"]
[Round "6"]
[White "Ashley, Maurice"]
[Black "Balkum, Alexander"]
[Result "1-0"]
[WhiteElo "2443"]
[BlackElo "2107"]
[PlyCount "39"]
[EventDate "2013.06.07"]
[EventType "swiss"]
[EventRounds "6"]
[EventCountry "USA"]
[SourceTitle "CBM 154 Extra"]
[Source "ChessBase"]
[SourceDate "2013.06.25"]
[SourceVersion "2"]
[SourceVersionDate "2013.06.25"]
[SourceQuality "1"]

1. e4 c5 2. Nf3 Nc6 3. Bb5 g6 4. O-O Bg7 5. d3 Nf6 6. c3 O-O 7. Re1 d6 8. Nbd2
e5 9. Bxc6 bxc6 10. Nc4 Bg4 11. Be3 Qc7 12. b4 Bxf3 13. Qxf3 d5 14. Na5 c4 15.
Bg5 Qd6 16. Bxf6 Bxf6 17. dxc4 d4 18. c5 Qe6 19. cxd4 exd4 20. e5 1-0

[Event "Cary Simpson Memorial 1st"]
[Site "Cary"]
[Date "2014.03.29"]
[Round "2"]
[White "Ashley, Maurice"]
[Black "Mcneill, Jonathon M"]
[Result "1-0"]
[WhiteElo "2446"]
[BlackElo "2008"]
[PlyCount "138"]
[EventDate "2014.03.28"]
[EventType "swiss"]
[EventRounds "1"]
[EventCountry "USA"]
[SourceTitle "EXT 2015"]
[Source "ChessBase"]
[SourceDate "2014.11.20"]
[SourceVersion "1"]
[SourceVersionDate "2014.11.20"]
[SourceQuality "1"]

1. c4 c6 2. e4 d5 3. exd5 cxd5 4. cxd5 Nf6 5. Bb5+ Bd7 6. Bc4 b5 7. Bb3 a5 8.
Nf3 g6 9. O-O Bg7 10. d6 O-O 11. dxe7 Qxe7 12. d4 Nc6 13. a4 bxa4 14. Bxa4 Nd5
15. Nc3 Nb6 16. Re1 Qb4 17. d5 Nd4 18. Bxd7 Nxf3+ 19. Qxf3 Nxd7 20. Ra4 Rfe8
21. Rf1 Qb3 22. Ra3 Qc4 23. Ra4 Qb3 24. Qd1 Qxd1 25. Rxd1 Nb6 26. Ra3 Bxc3 27.
Rxc3 Nxd5 28. Rc5 Nb4 29. g4 Red8 30. Rxd8+ Rxd8 31. Bg5 Ra8 32. Bf6 Kf8 33.
Kf1 Ke8 34. Bc3 Kd7 35. Bxb4 axb4 36. Rb5 Kc6 37. Rxb4 Rd8 38. Rf4 Rd7 39. Rf3
Rb7 40. b3 Kd5 41. Re3 Kd4 42. Ke2 Ra7 43. Rd3+ Ke4 44. f3+ Ke5 45. Ke3 g5 46.
b4 f5 47. gxf5 Kxf5 48. b5 Ke5 49. b6 Rb7 50. Rb3 Kd5 51. Kd3 Kc6 52. Kc4 Rf7
53. Kd4 Kb7 54. Ke3 Rf4 55. Rb2 Rf5 56. h3 Rf4 57. Rb5 h6 58. Kf2 Rf6 59. Kg3
Rf4 60. Rb3 Rh4 61. Re3 Kxb6 62. Re6+ Kc5 63. f4 Rxf4 64. Rxh6 Kd5 65. Rg6 Rf5
66. Kg4 Ke5 67. Rxg5 Rxg5+ 68. Kxg5 Ke6 69. h4 Kd5 1-0

[Event "Cary Simpson Memorial 1st"]
[Site "Cary"]
[Date "2014.03.29"]
[Round "3"]
[White "Sciacca, Patrick"]
[Black "Ashley, Maurice"]
[Result "0-1"]
[WhiteElo "2157"]
[BlackElo "2446"]
[PlyCount "115"]
[EventDate "2014.03.28"]
[EventType "swiss"]
[EventRounds "1"]
[EventCountry "USA"]
[SourceTitle "EXT 2015"]
[Source "ChessBase"]
[SourceDate "2014.11.20"]
[SourceVersion "1"]
[SourceVersionDate "2014.11.20"]
[SourceQuality "1"]

1. e4 g6 2. d4 Bg7 3. Nc3 d6 4. Bc4 Nf6 5. Qe2 O-O 6. e5 Ne8 7. Bg5 Nc6 8.
O-O-O h6 9. Bh4 Qd7 10. Nf3 e6 11. Ne4 f5 12. d5 Nxe5 13. Nxe5 Bxe5 14. dxe6
Qa4 15. e7+ Rf7 16. Bb5 Qxa2 17. c3 Be6 18. Nc5 Bf4+ 19. Kc2 dxc5 20. c4 Be5
21. Qxe5 Bxc4 22. Bxe8 Rxe8 23. Rd8 Bb5 24. f4 g5 25. Be1 Qa4+ 26. Kc1 Qxf4+
27. Qxf4 gxf4 28. Bh4 Rg7 29. Rf1 Rgxe7 30. Rxf4 Rxd8 31. Bxe7 Rd5 32. Bf6 Kf7
33. Bc3 Kg6 34. Kc2 Bc6 35. Rf3 Rd7 36. Rg3+ Kh7 37. Be5 Be4+ 38. Kc3 c6 39.
Bf4 Rg7 40. Rh3 Rg6 41. g3 b5 42. Rh4 Kg7 43. Be5+ Kf7 44. Rf4 Ke6 45. Bb8 a5
46. Rf2 Rg8 47. Bc7 a4 48. Rd2 Bd5 49. Re2+ Kd7 50. Bf4 h5 51. Re5 Rf8 52. Be3
b4+ 53. Kc2 c4 54. Bc5 Rb8 55. Re7+ Kd8 56. Rh7 Rb5 57. Bd4 f4 58. Rh8+ 0-1

[Event "Cary Simpson Memorial 1st"]
[Site "Cary"]
[Date "2014.03.29"]
[Round "4"]
[White "Ashley, Maurice"]
[Black "Munnell, Jonathan C"]
[Result "1-0"]
[WhiteElo "2446"]
[BlackElo "2079"]
[PlyCount "114"]
[EventDate "2014.03.28"]
[EventType "swiss"]
[EventRounds "1"]
[EventCountry "USA"]
[SourceTitle "EXT 2015"]
[Source "ChessBase"]
[SourceDate "2014.11.20"]
[SourceVersion "1"]
[SourceVersionDate "2014.11.20"]
[SourceQuality "1"]

1. e4 e6 2. d4 d5 3. exd5 exd5 4. Nf3 Nc6 5. Bb5 Qe7+ 6. Be3 Bd7 7. O-O O-O-O
8. Nc3 Nf6 9. Re1 Qd6 10. Qc1 Re8 11. Re2 Ne4 12. Bf4 Qg6 13. Bg3 Nxc3 14.
Rxe8+ Bxe8 15. bxc3 Bd6 16. Bd3 Qf6 17. Bxd6 Qxd6 18. Qg5 g6 19. Re1 f6 20. Qh6
Qf8 21. Qf4 Bd7 22. h4 Qd6 23. Qh6 Qf8 24. Qxf8+ Rxf8 25. h5 Bg4 26. Nh2 gxh5
27. Nxg4 hxg4 28. Bf5+ Kd8 29. Bxg4 Re8 30. Rb1 b6 31. g3 Na5 32. Kg2 h6 33.
Rh1 Rh8 34. Kf3 Nc4 35. Bf5 Nd6 36. Bd3 Ke7 37. Kf4 Kf7 38. Rh4 Ke7 39. Kg4 Kf7
40. Kf4 Ke7 41. f3 Kf7 42. Rh5 Ke6 43. a4 a5 44. g4 c6 45. Rh1 b5 46. Ra1 Ra8
47. Ke3 f5 48. Rh1 fxg4 49. Rxh6+ Ke7 50. fxg4 bxa4 51. Rh1 Nb5 52. Kf4 a3 53.
Rh7+ Kf6 54. Bf5 Rg8 55. g5+ Rxg5 56. Rh6+ Ke7 57. Rh7+ Kf6 1-0